¿Qué país? #3 - Estadísticas

Estadísticas generales
  • Esta prueba ha sido intentada 23 veces
  • La puntuación promedio es 5 de 13
Estadísticas de respuestas
Pista País % Correcto
Se retiró de la OMS y fue el 2º país fuera de esta organización, después de Liechtenstein. Estados Unidos
77%
Comparte nombre con la provincia española. Granada
77%
En este país nació el inventor de la tabla periódica. Rusia
73%
Es el único gran ducado soberano (2025) y ahí está Schengen, la localidad que da lugar al espacio Schengen. Luxemburgo
55%
Es el lugar de nacimiento de Buda. Nepal
45%
Macao perteneció a este país hasta 1999. Portugal
45%
Su capital es Moroni. Comoras
32%
Rodea a dos tercios de los enclaves rodeados por otro país completamente. Italia
32%
Su vecino le dio una playa de 5km de largo a este país sin mar. Bolivia
27%
Es el país cuya ciudad más poblada es la que tiene más diferencia de habitantes con su capital en proporción, pero que esta última tenga más de un millón de habitantes. Nigeria
23%
Aquí se cometió el genocidio de 1994. Ruanda
18%
Además de Japón y España, en este país cayeron bombas nucleares. Dinamarca
14%
Es el país con más búnkeres del mundo. Albania
0%
No se encontraron pruebas coincidentes
Distribución de puntuación
Porcentaje de gente con cada puntuación
Porcentaje por número respondido
Historial de tus puntuaciones
No has intentado esta prueba.